| 000 | 00489nam a22001697a 4500 | ||
|---|---|---|---|
| 003 | BD-DhUL | ||
| 005 | 20171120140210.0 | ||
| 008 | 171120snd. pk ||||| |||| 00| 0 per d | ||
| 040 |
_aBD-DhUL _cBD-DhUL |
||
| 082 |
_a891.551 _bNAS |
||
| 100 | 0 | _aنظیری | |
| 245 | 0 |
_aشیخ غزلیات نظیری : _cنظیری _bجزء ۲ / |
|
| 260 |
_aلاہور : _bملک بشیر احمد تاجہ، _c. |
||
| 300 |
_aجزء ۲ ؛ _c۲۴ سم۔ |
||
| 650 | 0 | _aPersian poetry | |
| 942 |
_2ddc _cBK |
||
| 999 |
_c232227 _d232227 |
||